00853pab a2200133 454500008004000000100002400040245004600064260000900110300001400119362001200133520053200145650002500677773001700702180718b2006 xxu||||| |||| 00| 0 eng d aPillania, Rajesh K. aKnowledge management for high performance c2006 ap.516-23. aJan-Mar aThis paper is an attempt to study the role of knowledge management in high performance. The study covers macro and micro aspects in both private and public sectors of the Indian industry, by a comprehensive coverage of international experts, domestic experts and employees in selected high performance organizations. The result show that Knowledge management is in the introduction stage in India. Indian public sector in particular needs to reorient itself to the changing times and embrace Knowledge management. - Reproduced. aKnowledge management aProductivity